| LEADER 01174nam 2200277 a 4500 |
| 001 13399124994 |
| 003 ULIBM |
| 008 030417s2553 th a sb 001 0 tha |
| 099 ^aว ผม.มธ. 34 2553 |
| 100 0 ^aปิยธิดา ปูชนียพงศกร. |
| 245 10 ^aความพึงพอใจของประชาชนที่มีต่อมาตรการทางผังเมืองในการจัดการสิ่งแวดล้อมในเขตเทศบาลเมืองเกาะสมุย อำเภอเกาะสมุย จังหวัดสุราษฎร์ธานี /^cปิยธิดา ปูชนียพงศกร. |
| 260 ^aกรุงเทพฯ :^bมหาวิทยาลัยธรรมศาสตร์,^c2553. |
| 300 ^aง-ฎ, 111 แผ่น. |
| 500 ^aวิทยานิพนธ์ การผังเมืองบัณฑิต, 2553. |
| 650 4 ^aผังเมือง^zสุราษฎร์ธานีู^zเกาะสุมย. |
| 710 0 ^aวราลักษณ์ คงอ้วน, ^eอาจารย์ที่ปรึกษา. |
| 856 ^uhttps://digital.library.tu.ac.th/tu_dc/frontend/Info/item/dc:339111 ^zเอกสารฉบับเต็ม (ดูรายบทคลิกที่ Bookmarks) |
| 913 ^aImported by ULIBM Administrator |
| 949 ^aImport form external file by ULIBM system |